Normal view
MARC view
Entry Corporate Name
001 - CONTROL NUMBER
- control field: 840077
003 - CONTROL NUMBER IDENTIFIER
- control field:
005 - DATE AND TIME OF LATEST TRANSACTION
- control field: 20210627082049.0
008 - FIXED-LENGTH DATA ELEMENTS
- fixed length control field: 210627|| aca||aabn | a|a d
040 ## - CATALOGING SOURCE
- Original cataloging agency:
- Transcribing agency:
110 ## - HEADING--CORPORATE NAME
- Corporate name or jurisdiction name as entry element: Central Provinces
- Subordinate unit: Office of the Cotton Commissioner
670 ## - SOURCE DATA FOUND
- Source citation: Work cat.: ()725274: Central Provinces Office of the Cotton Commissioner, The state of the wather and prospects of the cotton crop in the central provinces and the Berars /, 1870
